|
|
|
|
| LEADER |
01082pam a2200241 a 4500 |
| 001 |
2880230 |
| 003 |
GR-PaULI |
| 005 |
20210117210738.0 |
| 008 |
861208s1987 enk b 001 0 eng |
| 952 |
|
|
|0 0
|1 0
|2 ddc
|4 0
|6 370_917000000000000_34_BEL
|7 0
|9 226854
|a PTDE
|b PTDE
|d 2018-10-17
|i 11895
|l 0
|o 370.917 34 BEL
|p 025000211720
|r 2018-10-17 00:00:00
|t 1
|v 2018.00
|w 2018-10-17
|y BK15
|
| 999 |
|
|
|c 134745
|d 134745
|
| 020 |
|
|
|a 1850001561 (χαρτόδετο)
|c
|
| 040 |
|
|
|a GR-PaULI
|c GR-PaULI
|b gre
|e AACR2
|
| 082 |
0 |
0 |
|a 370.917 34
|2 23
|
| 100 |
1 |
|
|a Bell, Adrian
|q (Adrian B.)
|9 169397
|e συγγραφέας.
|
| 245 |
1 |
4 |
|a The small rural primary school :
|b a matter of quality /
|c Adrian Bell and Alan Sigsworth.
|
| 260 |
|
|
|a London ;
|a New York :
|b Falmer Press,
|c 1987.
|
| 300 |
|
|
|a xi, 295 σ. ;
|c 24 εκ.
|
| 504 |
|
|
|a Περιλαμβάνει βιβλιογραφία και ευρετήριο.
|
| 650 |
|
4 |
|a Γεωργική εκπαίδευση
|z Μεγάλη Βρετανία
|9 169399
|
| 700 |
1 |
|
|a Sigsworth, Alan
|9 169398
|e συγγραφέας.
|
| 942 |
|
|
|2 ddc
|c BK15
|
| 998 |
|
|
|c ΤΣΕΝΕ
|d 2018-10
|